000 00325nam a2200145Ia 4500
008 230711s9999||||xx |||||||||||||| ||und||
041 _aENG
082 _a720
_bHI-J
100 _aHibi,Sadao
245 0 _aJapanese detail
250 _a2nd
260 _c1989
_aNew York
_bThames & Hudson
650 _aArchitecture
942 _cBK
999 _c394
_d394